| 000 | 00507nam a2200205Ia 4500 | ||
|---|---|---|---|
| 005 | 20240823024851.0 | ||
| 008 | 240823s9999||||xx |||||||||||||| ||und|| | ||
| 020 | _a978-0-07-014661-7 | ||
| 041 | _aENGLISH | ||
| 082 | _A651.7 Q0 | ||
| 100 | _aAnjanee Sethi | ||
| 245 | 0 | _aBusiness Communication | |
| 250 | _a1st | ||
| 260 |
_c2010 _bMcGraw - Hill Higher Educ _aNew York |
||
| 500 | _aYES | ||
| 650 |
_aBusiness _bManagement Studies |
||
| 700 | _a Bhavana Adhikari | ||
| 942 | _cBK | ||
| 999 |
_c184940 _d184940 |
||